Statistiques concernant Quiz Tournoi des 6 nations 2023.

Cliquez ici pour prendre le quiz!

Statistiques générales

  • Ce quiz a été pris 91 fois
  • Le résultat moyen est 7 sur 10

Statistiques - réponses

QuestionRéponse% Correct
Quelle équipe a remporté sa 12ème cuillère de bois (que des défaites)?Italie
98%
Qui a remporté le tournoi cette année?Irlande
96%
Quel joueur a battu le record de points dans la compétition (566), battant celui établit par Ronan O'Gara (557) ?Jonathan Sexton
86%
Quel joueur a inscrit le plus grand nombre d'essais durant cette édition ? (5 essais)Damian Penaud (FRA)
82%
Durant quel match y a-t-il eu le plus grand écart au score? (43 points)Angleterre vs France
81%
Quel joueur a inscrit le plus de points dans le Tournoi? (84 points)Thomas Ramos (FRA)
76%
Qui a été élu meilleur joueur du Tournoi 2022?Antoine Dupont (FRA)
70%
Pour la combientième fois ?23
65%
Pour la combientième fois cette équipe remporte-t-elle le Grand Chelem? (5 victoires en 5 matches)4
43%
Quel est le meilleur plaqueur de l'édition? (83 plaquages)Matt Fagerson (ECO)
28%

Distribution des résultats

Percentile par nombre de réponses

% des personnes avec chaque résultat

Votre développement - résultats

Vous n’avez pas pris ce quiz